000 00629nam a2200253 a 4500
001 BS0001212
003 BR-BrBNA
005 20230418191655.0
008 230308b |||||||| |||| 00| 0 por d
040 _aBR-BrBNA
_bpor
_cBiblioteca Nacional de Agricultura
041 _apor
072 _aE11
090 _aE11 BS0001212
100 1 _aCarnegie, D.
245 1 _aO líder em você /
250 1 _a2. ed.
260 3 _aRio de Janeiro:
_bRecord,
_c1995.
300 _a251 p.
650 _aCOMPORTAMENTO
650 _aLIDERANÇA
650 _aRELAÇÕES HUMANAS
909 _a202304
_bSergio Santos
_c56
_dSergio Santos
942 _cBK
999 _c6269
_d6269